000 00595nam a22001937a 4500
003 BD-DhJNU
005 20250623035206.0
008 250623b |||||||| |||| 00| 0 eng d
020 _a98405133X
040 _aBD-DhJNU
_bENG
_cBD-DhJNU
_dBD-DhJNU
082 _223
_a325.492 RAP
100 _aRahim, Aminur
245 _aPolitics and national formation in Bangladesh /
_cAminur Rahim
260 _aDhaka :
_bThe University Press,
_c1997.
300 _a306p. :
_bill. ;
_c22 cm.
504 _aIncludes bibliographies and index
650 _aBangladesh politics and government
942 _2ddc
_cBK
_n0
999 _c1806
_d1806